Bibliography of Indian weeds (Record no. 38345)

MARC details
000 -LEADER
fixed length control field 00309nam a2200121Ia 4500
082 ## - DEWEY DECIMAL CLASSIFICATION NUMBER
Classification number 632.51(540):016
Item number GUP
100 ## - MAIN ENTRY--AUTHOR NAME
Personal name GUPTA, R K
245 #0 - TITLE STATEMENT
Title Bibliography of Indian weeds
260 ## - PUBLICATION, DISTRIBUTION, ETC. (IMPRINT)
Place of publication Delhi
Name of publisher Associated Pub
Year of publication 1983
700 ## - ADDED ENTRY--PERSONAL NAME
Personal name MITTAL, R K
942 ## - ADDED ENTRY ELEMENTS (KOHA)
Koha item type Books
Holdings
Withdrawn status Lost status Damaged status Not for loan Home library Current library Date acquired Full call number Accession Number Koha item type
        RRII Library RRII Library 16/12/2021 632.51(540):016 GUP 18706 Books